[Event "4NCL"]
[Site "De Vere, Staverton Park, ENG"]
[Date "2010.11.07"]
[Round "2.39"]
[White "Dean, Michael"]
[Black "Huser, Hector AP"]
[Result "1/2-1/2"]
[WhiteElo "1634"]
[BlackElo "1618"]
[PlyCount "111"]
[EventDate "2010.??.??"]
[WhiteTeam "e2e4.org.uk 4"]
[BlackTeam "KJCA Knights"]

1. e4 e5 2. Nf3 Nc6 3. Bb5 Nf6 4. d3 d6 5. h3 Be7 6. O-O O-O 7. Bxc6 bxc6 8.
Nh2 Be6 9. f4 exf4 10. Bxf4 d5 11. e5 Nd7 12. d4 c5 13. c3 cxd4 14. cxd4 c5 15.
Be3 Qb6 16. b3 cxd4 17. Bxd4 Bc5 18. Nf3 Nxe5 19. Bxc5 Qxc5+ 20. Kh1 Nxf3 21.
Qxf3 Rac8 22. Nd2 Qc3 23. Qf2 Qc5 24. Qf4 Qc7 25. Qh4 Qd8 26. Qh5 h6 27. Nf3
Qe7 28. g4 Rc5 29. Rae1 d4 30. Re5 Rxe5 31. Qxe5 Rd8 32. Nxd4 Rd5 33. Qb8+ Rd8
34. Qf4 Bd5+ 35. Kg1 Qc5 36. Qf2 Be6 37. Nxe6 Qxf2+ 38. Rxf2 fxe6 39. Kg2 Rd1
40. Kf3 Rd5 41. Rc2 Kh7 42. b4 Rd3+ 43. Kg2 Kg6 44. a4 Rb3 45. b5 Ra3 46. Rc6
Ra2+ 47. Kg3 Ra3+ 48. Kg2 Rxa4 49. Rxe6+ Kf7 50. Rc6 Rb4 51. Rc7+ Kf6 52. Rxa7
Rxb5 53. Ra1 Rb2+ 54. Kg3 Rb3+ 55. Kg2 Re3 56. Rf1+ 1/2-1/2

[Event "4NCL"]
[Site "De Vere, Staverton Park, ENG"]
[Date "2010.11.07"]
[Round "2.40"]
[White "Hazlehurst, Cory S"]
[Black "Simmons, Matthew"]
[Result "0-1"]
[WhiteElo "1946"]
[BlackElo "2071"]
[PlyCount "110"]
[EventDate "2010.??.??"]
[WhiteTeam "3Cs 2"]
[BlackTeam "Channel Isolani"]

1. e4 c5 2. Nf3 Nc6 3. d4 cxd4 4. Nxd4 Qb6 5. Nb3 Nf6 6. Nc3 e6 7. Be3 Qc7 8.
a3 a6 9. f4 d6 10. Be2 Be7 11. O-O b5 12. Bf3 Bb7 13. g4 Nd7 14. Rf2 O-O 15. g5
Nb6 16. Bxb6 Qxb6 17. h4 f5 18. Kg2 fxe4 19. Bxe4 Ne5 20. Bxb7 Qxb7+ 21. Kg3
Nc4 22. Qg4 e5 23. Qe6+ Kh8 24. Nd5 Rae8 25. fxe5 Rxf2 26. Kxf2 dxe5 27. Kg3 e4
28. Qf5 Bd6+ 29. Kh3 Re5 30. Qg4 Rxd5 31. g6 Ne5 32. Qxe4 Qd7+ 33. Kg2 Qg4+ 34.
Qxg4 Nxg4 35. gxh7 Kxh7 36. Re1 Ne5 37. Re2 Ng6 38. Re4 Be7 39. Kg3 Bxh4+ 40.
Kg4 Bf6 41. c3 Ne5+ 42. Kg3 Nc4 43. Re6 a5 44. Re2 a4 45. Nc1 Rd2 46. Rxd2 Nxd2
47. Nd3 Nc4 48. Kf4 Nxa3 49. bxa3 Bxc3 50. Ke4 b4 51. axb4 a3 52. Nc1 Bxb4 53.
Kd3 g5 54. Kc4 Be7 55. Kb3 Kg6 0-1

[Event "4NCL"]
[Site "De Vere, Staverton Park, ENG"]
[Date "2010.11.07"]
[Round "2.40"]
[White "Kirby, Peter J"]
[Black "Gittens, Nathan L"]
[Result "1-0"]
[WhiteElo "2031"]
[BlackElo "1850"]
[PlyCount "105"]
[EventDate "2010.??.??"]
[WhiteTeam "Channel Isolani"]
[BlackTeam "3Cs 2"]

1. e4 c5 2. Nf3 d6 3. Bb5+ Bd7 4. Bxd7+ Qxd7 5. c4 Nc6 6. O-O g6 7. d4 cxd4 8.
Nxd4 Bg7 9. Be3 Nf6 10. f3 O-O 11. Nc3 Rfc8 12. b3 e6 13. Rc1 b6 14. Qd2 Ne7
15. Rc2 d5 16. cxd5 exd5 17. e5 Ne8 18. f4 Nc7 19. Rfc1 f6 20. exf6 Bxf6 21.
Qd3 Rd8 22. Nce2 Ne6 23. Nxe6 Qxe6 24. Nd4 Qe4 25. Qxe4 dxe4 26. Nc6 Rd3 27.
Nxe7+ Bxe7 28. Rc8+ Rxc8 29. Rxc8+ Kf7 30. Kf2 Rd7 31. Rc4 b5 32. Rxe4 Rc7 33.
Bd4 Bc5 34. Ke3 Bxd4+ 35. Rxd4 Ke6 36. Kd2 a6 37. g4 Rf7 38. Ke3 Rc7 39. Kd2
Rf7 40. a4 Rb7 41. Kc3 Rc7+ 42. Kd2 Rb7 43. a5 Rc7 44. Rd8 Rf7 45. Ke3 Rc7 46.
Ra8 Rc6 47. Ke4 Kd6 48. Kd4 Ke6 49. h4 Kf6 50. Kd5 Rc3 51. Rxa6+ Kf7 52. Ra7+
Kg8 53. Rd7 1-0

[Event "4NCL"]
[Site "De Vere, Staverton Park, ENG"]
[Date "2010.11.07"]
[Round "2.40"]
[White "Horton, Jamie A"]
[Black "Rowe, Peter"]
[Result "1-0"]
[WhiteElo "1882"]
[BlackElo "2012"]
[PlyCount "74"]
[EventDate "2010.??.??"]
[WhiteTeam "3Cs 2"]
[BlackTeam "Channel Isolani"]

1. e4 d6 2. d4 Nf6 3. Nc3 Nbd7 4. Nf3 e5 5. dxe5 dxe5 6. a3 Be7 7. Bc4 O-O 8.
O-O c6 9. Bg5 Ne8 10. Be3 Qc7 11. Ne2 Nd6 12. Bd3 f5 13. Nc3 f4 14. Bd2 b5 15.
b4 a6 16. Bc1 Nf7 17. Bb2 Nb6 18. Qe2 Bg4 19. Nb1 Na4 20. Ra2 Nxb2 21. Rxb2 Qd6
22. c4 Qg6 23. Re1 Bd6 24. c5 Bc7 25. Bc2 Ng5 26. Nbd2 Rad8 27. Bb3+ Kh8 28.
Kh1 Qh5 29. Bd1 Rf6 30. Qf1 Rh6 31. Qg1 Nxf3 32. Bxf3 Rd3 33. Bxg4 Qxg4 34. Nf3
Rxf3 35. gxf3 Qxf3+ 36. Qg2 Qc3 37. Rbb1 Rg6 1-0

[Event "4NCL"]
[Site "De Vere, Staverton Park, ENG"]
[Date "2010.11.07"]
[Round "2.41"]
[White "Taylor, John-Paul"]
[Black "Lunn, Timothy"]
[Result "1/2-1/2"]
[WhiteElo "1762"]
[BlackElo "2055"]
[PlyCount "131"]
[EventDate "2010.??.??"]
[WhiteTeam "Bristol 3"]
[BlackTeam "Anglian Avengers 2"]

1. e4 d5 2. exd5 Qxd5 3. Nc3 Qd6 4. Bc4 Nf6 5. d3 a6 6. Qf3 Nc6 7. Ne4 Qd8 8.
c3 Ne5 9. Nxf6+ exf6 10. Qe2 Qe7 11. Bf4 Nxc4 12. Qxe7+ Bxe7 13. dxc4 c6 14.
Nf3 O-O 15. O-O Be6 16. Rfe1 Rfe8 17. b3 Bg4 18. Rad1 Kf8 19. a4 Rad8 20. Bc7
Rxd1 21. Rxd1 Bf5 22. Rd2 Ba3 23. b4 Bc1 24. Bd6+ Kg8 25. Rd1 Bb2 26. Nd4 Bg6
27. b5 cxb5 28. axb5 Bxc3 29. bxa6 bxa6 30. g4 Be4 31. f3 Bxd4+ 32. Rxd4 Bxf3
33. Kf2 Bb7 34. Bb4 g5 35. Rd7 Bc8 36. Rd6 Kg7 37. Bc3 Re6 38. Rd5 Re4 39.
Rxg5+ Kf8 40. Rc5 Be6 41. h3 Ke7 42. Rc7+ Kd6 43. Kf3 Rxc4 44. Rxc4 Bxc4 45.
Bxf6 Ke6 46. g5 Kf5 47. h4 Bb3 48. h5 Bd1+ 49. Ke3 h6 50. Be7 Bxh5 51. gxh6 Bg6
52. Bc5 Ke5 53. Bd4+ Kd5 54. Bf6 a5 55. Kd2 Kc4 56. Kc1 Kb3 57. Kd2 a4 58. Ke3
Kc2 59. Kd4 a3 60. Kc5 a2 61. Kd6 Kb1 62. Ke7 a1=Q 63. Bxa1 Kxa1 64. Kf6 Kb2
65. h7 Bxh7 66. Kxf7 1/2-1/2

[Event "4NCL"]
[Site "De Vere, Staverton Park, ENG"]
[Date "2010.11.07"]
[Round "2.42"]
[White "Lutton, J Arnold"]
[Black "Jackson, Gary C"]
[Result "1-0"]
[WhiteElo "1826"]
[BlackElo "1874"]
[PlyCount "67"]
[EventDate "2010.??.??"]
[WhiteTeam "SCS"]
[BlackTeam "Banbury Bulldogs"]

1. e4 c5 2. Nc3 d6 3. f4 Nc6 4. Nf3 g6 5. Be2 Bg7 6. O-O Nf6 7. Qe1 O-O 8. d3
Nd7 9. f5 h6 10. Qh4 e6 11. fxe6 fxe6 12. Qh3 Kh7 13. Ng5+ Kg8 14. Qxe6+ Kh8
15. Nf7+ Rxf7 16. Qxf7 Nde5 17. Qf2 Nd4 18. Bd1 Be6 19. Ne2 Ng4 20. Qg3 Nxe2+
21. Bxe2 Bd4+ 22. Kh1 Be5 23. Bf4 Qd7 24. Bxg4 Bxg4 25. Bxe5+ dxe5 26. Qxe5+
Kh7 27. Rf6 Re8 28. Qc3 b6 29. Raf1 Re7 30. Rf8 Rg7 31. Qe5 Be6 32. R1f6 Bg8
33. h3 Qa4 34. Rxg8 1-0

[Event "4NCL"]
[Site "De Vere, Staverton Park, ENG"]
[Date "2010.11.07"]
[Round "2.43"]
[White "Chin, Francis CW"]
[Black "Vas, Peter J"]
[Result "0-1"]
[WhiteElo "2211"]
[BlackElo "2293"]
[PlyCount "76"]
[EventDate "2010.??.??"]
[WhiteTeam "Hackney"]
[BlackTeam "UCL"]

1. d4 d5 2. Nf3 Nf6 3. Bf4 c5 4. e3 Qb6 5. Qc1 Nc6 6. c3 Bf5 7. Nbd2 e6 8. Be2
Rc8 9. O-O h6 10. Nb3 Ne4 11. Rd1 Be7 12. dxc5 Nxc5 13. Nxc5 Bxc5 14. Nd4 Bh7
15. Nxc6 bxc6 16. Be5 O-O 17. Bd3 Bxd3 18. Rxd3 f6 19. Bd4 a5 20. c4 Bxd4 21.
exd4 c5 22. dxc5 Rxc5 23. Qe3 dxc4 24. Rc3 Qd6 25. Rac1 Rd8 26. h3 Re5 27. Qg3
Re2 28. Qxd6 Rxd6 29. R1c2 Rd1+ 30. Kh2 Rdd2 31. Rxd2 Rxd2 32. Rxc4 Rxf2 33.
Ra4 Rxb2 34. Rxa5 e5 35. Kg3 Kf7 36. Ra7+ Kg6 37. a4 Ra2 38. Kf3 f5 0-1

[Event "4NCL"]
[Site "De Vere, Staverton Park, ENG"]
[Date "2010.11.07"]
[Round "2.43"]
[White "Ertbjerg, Andreas"]
[Black "Ociepka, Adrian"]
[Result "1/2-1/2"]
[WhiteElo "2031"]
[BlackElo "2157"]
[PlyCount "117"]
[EventDate "2010.??.??"]
[WhiteTeam "UCL"]
[BlackTeam "Hackney"]

1. e4 c5 2. Nc3 Nc6 3. g3 g6 4. Bg2 Bg7 5. d3 Rb8 6. Be3 d6 7. Qd2 b5 8. Nge2
b4 9. Nd1 Nd4 10. Nc1 Nf6 11. c3 bxc3 12. bxc3 Bh3 13. O-O Bxg2 14. Kxg2 Nc6
15. Bh6 O-O 16. Bxg7 Kxg7 17. Nb3 a5 18. Nb2 Qc8 19. Rab1 Qa6 20. Na4 c4 21.
Nd4 cxd3 22. f3 Nxd4 23. cxd4 Qc4 24. Nc3 Qxd4 25. Nb5 Qa4 26. Qxd3 Rfc8 27.
Rb3 Qxa2+ 28. Rf2 Qa1 29. Ra3 Qe5 30. Nd4 Rb4 31. Nc2 Rb2 32. Nd4 Rcb8 33. Ra2
Rxf2+ 34. Rxf2 Rb6 35. Ra2 Rb4 36. Nc6 Rb2+ 37. Kh1 Qc5 38. Rxb2 Qc1+ 39. Kg2
Qxb2+ 40. Kh3 a4 41. Qc4 a3 42. e5 dxe5 43. Nd8 e6 44. Qc7 e4 45. Nxe6+ Kh8 46.
Qxf7 Ng8 47. Ng5 Qg7 48. Qd5 h6 49. Nxe4 Kh7 50. Qe6 Qe7 51. Qb3 Kg7 52. Nc3
Nf6 53. Nb1 g5 54. Nxa3 Qd7+ 55. Kg2 Qd2+ 56. Kg1 Qe1+ 57. Kg2 Qd2+ 58. Kg1
Qe1+ 59. Kg2 1/2-1/2

[Event "4NCL"]
[Site "De Vere, Staverton Park, ENG"]
[Date "2010.11.07"]
[Round "2.44"]
[White "Raoof, Adam N"]
[Black "Ireland, David J"]
[Result "1/2-1/2"]
[WhiteElo "2149"]
[BlackElo "2019"]
[PlyCount "53"]
[EventDate "2010.??.??"]
[WhiteTeam "British Universities CA"]
[BlackTeam "e2e4.org.uk 3"]

1. d4 Nf6 2. Nf3 c5 3. e3 g6 4. c3 b6 5. Nbd2 Bb7 6. Bd3 cxd4 7. exd4 Bg7 8.
O-O O-O 9. Re1 Nc6 10. a4 Rc8 11. Nc4 d5 12. Nce5 Na5 13. Bg5 Ne4 14. Bd2 Nxd2
15. Nxd2 Qc7 16. f4 e6 17. Qe2 Nc6 18. Ndf3 Nxe5 19. Nxe5 Qe7 20. a5 Qc7 21.
axb6 axb6 22. g3 Ra8 23. Qf1 Bc6 24. Bb5 Bxb5 25. Qxb5 Bxe5 26. fxe5 Ra5 27.
Qe2 1/2-1/2

[Event "4NCL"]
[Site "De Vere, Staverton Park, ENG"]
[Date "2010.11.07"]
[Round "2.44"]
[White "Flynn, David"]
[Black "Levicki, Jeffrey P"]
[Result "1/2-1/2"]
[WhiteElo "2061"]
[BlackElo "1934"]
[PlyCount "91"]
[EventDate "2010.??.??"]
[WhiteTeam "e2e4.org.uk 3"]
[BlackTeam "British Universities CA"]

1. e4 c5 2. Nf3 e6 3. d4 cxd4 4. Nxd4 a6 5. c4 Nf6 6. Bd3 Qb6 7. Nb3 Bb4+ 8.
Bd2 Nc6 9. O-O a5 10. Be3 Qc7 11. a3 Be7 12. Nc3 b6 13. Nb5 Qb8 14. f4 d6 15.
Qf3 Bd7 16. Qg3 g6 17. Rae1 e5 18. f5 gxf5 19. exf5 Rg8 20. Qh4 e4 21. Bc2 Ne5
22. Bg5 Bxb5 23. cxb5 Qc7 24. Rc1 Qc4 25. Bd1 Qd3 26. Rc3 Qd5 27. Rg3 Ned7 28.
Be2 O-O-O 29. Rc3+ Kb7 30. Qf4 Nh5 31. Bxh5 Bxg5 32. Qf2 Ne5 33. Rd1 Qxb5 34.
Qd4 e3 35. Qe4+ Kb8 36. Rd5 Qd7 37. Nd4 Rc8 38. Rxc8+ Rxc8 39. h3 Rc1+ 40. Kh2
Qc7 41. h4 Qe7 42. hxg5 Qxg5 43. Be2 Qh6+ 44. Kg3 Qg5+ 45. Kh2 Qh6+ 46. Kg3
1/2-1/2

[Event "4NCL"]
[Site "De Vere, Staverton Park, ENG"]
[Date "2010.11.07"]
[Round "2.44"]
[White "Khoroshilov, Pavel"]
[Black "van der Westhuizen, Charles V"]
[Result "0-1"]
[WhiteElo "1706"]
[BlackElo "1891"]
[PlyCount "56"]
[EventDate "2010.??.??"]
[WhiteTeam "British Universities CA"]
[BlackTeam "e2e4.org.uk 3"]

1. e4 e5 2. Nf3 Nc6 3. Bc4 Nf6 4. Nc3 Be7 5. d3 O-O 6. Be3 d6 7. Qe2 Na5 8. Nd2
c6 9. O-O-O d5 10. exd5 cxd5 11. Bg5 dxc4 12. dxc4 Nc6 13. Nf3 Qa5 14. Bxf6
Bxf6 15. Rd5 Qc7 16. Rhd1 Be6 17. Rc5 Qe7 18. Rb5 a6 19. Rb6 Qc7 20. Rb3 Na5
21. Rb4 Bxc4 22. Qe3 b5 23. Nd5 Bxd5 24. Rxd5 Nc4 25. Qe4 Rad8 26. Rxd8 Rxd8
27. b3 Qd6 28. c3 Qd1# 0-1

[Event "4NCL"]
[Site "De Vere, Staverton Park, ENG"]
[Date "2010.11.07"]
[Round "2.45"]
[White "Piper, Stephen J"]
[Black "Morris, Graham P"]
[Result "1/2-1/2"]
[WhiteElo "2106"]
[BlackElo "2034"]
[PlyCount "75"]
[EventDate "2010.??.??"]
[WhiteTeam "The Rookies"]
[BlackTeam "Oxford 3"]

1. Nf3 c5 2. g3 Nc6 3. Bg2 g6 4. O-O Bg7 5. c4 d6 6. Nc3 e5 7. d3 Nge7 8. Bg5
h6 9. Bd2 O-O 10. Rb1 f5 11. e3 Be6 12. b3 Qd7 13. Ne2 g5 14. d4 cxd4 15. exd4
Nxd4 16. Nexd4 exd4 17. Bc1 Nc6 18. Re1 Bf7 19. Bb2 d5 20. Nxd4 Nxd4 21. Bxd4
dxc4 22. Bxg7 Qxd1 23. Rexd1 Kxg7 24. bxc4 Rad8 25. Rxd8 Rxd8 26. Rxb7 Kf6 27.
Bd5 Bxd5 28. cxd5 Rxd5 29. Rxa7 g4 30. Rb7 Rd2 31. a4 Rd4 32. a5 Ra4 33. Rb6+
Kg5 34. a6 Ra2 35. Kf1 h5 36. Kg2 h4 37. gxh4+ Kxh4 38. Rc6 1/2-1/2

[Event "4NCL"]
[Site "De Vere, Staverton Park, ENG"]
[Date "2010.11.07"]
[Round "2.45"]
[White "Neatherway, A Philip"]
[Black "Jones, Christopher M"]
[Result "0-1"]
[WhiteElo "1930"]
[BlackElo "2024"]
[PlyCount "94"]
[EventDate "2010.??.??"]
[WhiteTeam "Oxford 3"]
[BlackTeam "The Rookies"]

1. e4 e5 2. Nf3 Nc6 3. Bb5 a6 4. Ba4 Nf6 5. Qe2 b5 6. Bb3 Be7 7. c3 d6 8. O-O
Bg4 9. h3 Bh5 10. a4 b4 11. a5 O-O 12. Rd1 Qb8 13. Bc4 Nd8 14. d4 Qb7 15. dxe5
dxe5 16. Bg5 Ne6 17. Bxf6 Bxf6 18. Nbd2 Nf4 19. Qe3 Rfd8 20. Bf1 Bg6 21. g3 Ne6
22. Nc4 bxc3 23. Rxd8+ Rxd8 24. bxc3 Bxe4 25. Nfxe5 Bg5 26. Qe2 Bd5 27. Ne3 Bf6
28. N3g4 Be7 29. Qxa6 Qb2 30. Rd1 Qxc3 31. Qe2 Qxa5 32. Ne3 Bb7 33. Rxd8+ Bxd8
34. Qb2 Qb6 35. Qa2 Qd4 36. Qb1 Qe4 37. Qxe4 Bxe4 38. Bc4 Bf6 39. Nd7 Bd4 40.
Nd5 Ng5 41. Ne7+ Kh8 42. Ba2 Nxh3+ 43. Kf1 Ng5 44. f4 Ne6 45. f5 Nc5 46. Nf8
Bf6 47. Nc8 Bxf5 0-1

[Event "4NCL"]
[Site "De Vere, Staverton Park, ENG"]
[Date "2010.11.07"]
[Round "2.45"]
[White "Compton, Alistair"]
[Black "Terry, Sean"]
[Result "0-1"]
[WhiteElo "2045"]
[BlackElo "1869"]
[PlyCount "108"]
[EventDate "2010.??.??"]
[WhiteTeam "The Rookies"]
[BlackTeam "Oxford 3"]

1. e4 c5 2. Nf3 Nc6 3. c3 d5 4. exd5 Qxd5 5. d4 e6 6. a3 Nf6 7. Be3 cxd4 8.
cxd4 Be7 9. Nc3 Qd8 10. Bd3 O-O 11. O-O b6 12. Rc1 Bb7 13. Bb1 Nd5 14. Qd3 g6
15. Bh6 Re8 16. Ne4 Nf6 17. Rfe1 Qd5 18. Nc3 Qh5 19. Bf4 Rad8 20. b4 Qg4 21.
Bg3 Nxd4 22. Nxd4 Rxd4 23. Qb5 Rc8 24. f3 Qh5 25. Be5 Rd2 26. Re2 Rxc3 27. Rxc3
Rd1+ 28. Kf2 Qh4+ 29. Bg3 Qd4+ 30. Rce3 Rxb1 31. Be5 Qh4+ 32. Bg3 Ng4+ 33. fxg4
Qf6+ 34. Rf3 Qd4+ 35. Rfe3 Qf6+ 36. Rf3 Bxf3 37. Qe8+ Bf8 38. gxf3 Qd4+ 39. Kg2
Qg1+ 40. Kh3 Qf1+ 41. Kh4 h6 42. Bd6 Qxf3 43. Qxf8+ Kh7 44. Bg3 Qf6+ 45. Kh3
Qf1+ 46. Rg2 Rb2 47. Qa8 h5 48. Be5 hxg4+ 49. Kh4 Qe1+ 50. Bg3 Qc3 51. Kg5 Kg7
52. Bf4 Qf6+ 53. Kxg4 Qf5+ 54. Kg3 Rb3+ 0-1

[Event "4NCL"]
[Site "De Vere, Staverton Park, ENG"]
[Date "2010.11.07"]
[Round "2.45"]
[White "Gibson, Christopher A"]
[Black "Langham, Rod E"]
[Result "1-0"]
[WhiteElo "1984"]
[BlackElo "1802"]
[PlyCount "75"]
[EventDate "2010.??.??"]
[WhiteTeam "The Rookies"]
[BlackTeam "Oxford 3"]

1. d4 d5 2. c4 e6 3. Nc3 Nf6 4. Bg5 Nbd7 5. Nf3 c6 6. e3 Qa5 7. cxd5 Nxd5 8.
Rc1 Bb4 9. a3 Nxc3 10. axb4 Nxd1 11. bxa5 Nxb2 12. Rc2 Na4 13. Rc4 b5 14. Rxc6
a6 15. Rc2 O-O 16. Bd3 f6 17. Bf4 f5 18. O-O h6 19. Bd6 Re8 20. Ne5 Nxe5 21.
Bxe5 Re7 22. Rfc1 Bb7 23. h3 Bd5 24. f3 Rd7 25. e4 fxe4 26. Bxe4 Bxe4 27. fxe4
g6 28. Rc7 Ra7 29. Rxd7 Rxd7 30. Rc6 Kf7 31. Rxa6 b4 32. Ra8 Rb7 33. d5 exd5
34. exd5 b3 35. Rh8 Rb5 36. a6 Ra5 37. a7 Nb6 38. Rb8 1-0

[Event "4NCL"]
[Site "De Vere, Staverton Park, ENG"]
[Date "2010.11.07"]
[Round "2.46"]
[White "Pugh, Glyn D"]
[Black "Taylor, Adam A"]
[Result "0-1"]
[WhiteElo "1994"]
[BlackElo "1821"]
[PlyCount "94"]
[EventDate "2010.??.??"]
[WhiteTeam "Halesowen"]
[BlackTeam "Guildford A&DC 4"]

1. e4 c5 2. Nc3 Nc6 3. g3 g6 4. Bg2 Bg7 5. d3 e6 6. Be3 d6 7. Qd2 Nge7 8. Bh6
O-O 9. h4 Ne5 10. h5 Bxh6 11. Qxh6 Ng4 12. Qd2 f5 13. f3 Ne5 14. O-O-O Bd7 15.
Nge2 Nf7 16. hxg6 Nxg6 17. exf5 exf5 18. d4 c4 19. Rh5 Nfh8 20. Rdh1 Rf7 21. f4
Bc6 22. d5 Bd7 23. Nd4 Nf8 24. Bh3 Qc8 25. Nd1 Nhg6 26. Rg5 Kh8 27. Qc3 Kg8 28.
Ne3 h6 29. Rh5 Ne7 30. Rxh6 Rh7 31. Rxh7 Nxh7 32. Bg2 b5 33. Rh6 Qc5 34. Bh3
Nxd5 35. Nxd5 Qxd5 36. Bf1 Rc8 37. a3 a5 38. Rh2 b4 39. axb4 axb4 40. Qd2 Ra8
41. Nb3 Qe4 42. Bxc4+ Qxc4 43. Qxd6 Be6 44. Qe7 Bf7 45. Qc5 Qf1+ 46. Kd2 Rd8+
47. Nd4 Qg1 0-1

[Event "4NCL"]
[Site "De Vere, Staverton Park, ENG"]
[Date "2010.11.07"]
[Round "2.46"]
[White "Waldock, Adrian DP"]
[Black "Lee, Darren"]
[Result "0-1"]
[WhiteElo "1794"]
[BlackElo "1887"]
[PlyCount "124"]
[EventDate "2010.??.??"]
[WhiteTeam "Guildford A&DC 4"]
[BlackTeam "Halesowen"]

1. d4 e6 2. Nf3 f5 3. g3 Nf6 4. Bg2 Be7 5. c4 O-O 6. Nc3 d6 7. O-O a5 8. b3 Ne4
9. Bb2 Nxc3 10. Bxc3 Qe8 11. Qd2 a4 12. b4 Bf6 13. Rac1 e5 14. dxe5 dxe5 15.
Qd5+ Kh8 16. Nxe5 c6 17. Qd6 Be7 18. Qd2 Bf6 19. f4 Nd7 20. Nxd7 Bxd7 21. Bxf6
Rxf6 22. Bf3 Be6 23. Rfd1 Rf8 24. Rc3 Qf7 25. Qc2 Rac8 26. e4 fxe4 27. Bxe4 Qh5
28. Rd2 Rce8 29. Rf2 Bg4 30. h4 Qh6 31. Bf3 Bf5 32. Qxa4 Qf6 33. Qb3 Qd4 34.
Qb2 Re1+ 35. Kh2 Rd8 36. Rb3 Qxc4 37. b5 Qc5 38. bxc6 bxc6 39. Rb6 Rb1 40. Rxc6
Rxb2 41. Rxb2 Qd4 42. Rcb6 h6 43. R6b4 Qe3 44. R4b3 Rd2+ 45. Bg2 Qf2 46. Rxd2
Qxd2 47. Rb8+ Kh7 48. Re8 Qxa2 49. Re5 Bc8 50. Kg1 Bb7 51. Bxb7 Qb1+ 52. Kf2
Qxb7 53. Re2 Qd7 54. Re5 Qh3 55. Kf3 Kg6 56. Kf2 Kf6 57. Kf3 Qf1+ 58. Kg4 h5+
59. Kxh5 Qf3+ 60. g4 g6+ 61. Kh6 Qxg4 62. Kh7 Qd7+ 0-1

[Event "4NCL"]
[Site "De Vere, Staverton Park, ENG"]
[Date "2010.11.07"]
[Round "2.46"]
[White "Hope, Gary"]
[Black "Ward, Matthew J"]
[Result "0-1"]
[WhiteElo "1858"]
[BlackElo "1787"]
[PlyCount "60"]
[EventDate "2010.??.??"]
[WhiteTeam "Halesowen"]
[BlackTeam "Guildford A&DC 4"]

1. e4 c6 2. d4 d5 3. exd5 cxd5 4. c4 Nf6 5. Nc3 Nc6 6. Bg5 Be6 7. c5 Ne4 8. Bf4
g5 9. Be3 Bg7 10. Rc1 Nxc5 11. dxc5 d4 12. Nb5 dxe3 13. Qxd8+ Rxd8 14. Nc7+ Kd7
15. Nxe6 exf2+ 16. Kxf2 Kxe6 17. Bc4+ Kf5 18. Nf3 g4 19. Nh4+ Kg5 20. g3 Rd2+
21. Ke1 Rhd8 22. Rf1 Bxb2 23. Rf5+ Kh6 24. Rxf7 Bxc1 25. Nf5+ Kg5 26. Ne3 Rxh2
27. Rf5+ Kg6 28. Bf7+ Kg7 29. Nxg4 Rh1+ 30. Kf2 Rd2+ 0-1

[Event "4NCL"]
[Site "De Vere, Staverton Park, ENG"]
[Date "2010.11.07"]
[Round "2.46"]
[White "Llewelyn, John D"]
[Black "Yiamakis, Albert"]
[Result "1/2-1/2"]
[WhiteElo "1746"]
[BlackElo "1736"]
[PlyCount "170"]
[EventDate "2010.??.??"]
[WhiteTeam "Halesowen"]
[BlackTeam "Guildford A&DC 4"]

1. e4 c5 2. Nf3 d6 3. d3 Nf6 4. g3 g6 5. Bg2 Bg7 6. O-O O-O 7. Nbd2 Nc6 8. c3
e5 9. a4 d5 10. Re1 Be6 11. Ng5 Bg4 12. Qb3 h6 13. f3 Bd7 14. Nh3 Na5 15. Qc2
Qb6 16. Nf2 d4 17. b3 Kh7 18. Ba3 Rfc8 19. Rab1 Qa6 20. Bh3 Bxh3 21. Nxh3 b5
22. axb5 Qxb5 23. c4 Qd7 24. Nf2 Bf8 25. Kg2 Rcb8 26. Nd1 Rb6 27. Nb2 Qc7 28.
Na4 Rb7 29. Ra1 Rab8 30. Reb1 g5 31. g4 Nd7 32. Ra2 Be7 33. Rab2 Kg7 34. Nf1
Nc6 35. Ng3 Bf8 36. Kf2 Nb4 37. Bxb4 Rxb4 38. Ra2 Qb7 39. Ra3 Kh7 40. Nf5 Nf6
41. Ng3 Ne8 42. Ne2 h5 43. gxh5 Nf6 44. Nc1 Qd7 45. Rba1 Qh3 46. Ke1 Qxf3 47.
Qf2 Qxf2+ 48. Kxf2 Ng4+ 49. Kg3 Ne3 50. R1a2 f5 51. exf5 Nxf5+ 52. Kg4 Ne3+ 53.
Kg3 e4 54. dxe4 Bd6+ 55. Kf3 Rf8+ 56. Ke2 Rbb8 57. Nb2 Rbe8 58. Rxa7+ Kh8 59.
Rd7 Rxe4 60. Kd3 Re6 61. Raa7 Nf5 62. Rf7 Re3+ 63. Kd2 Rxf7 64. Rxf7 Bf4 65.
Rxf5 Re5+ 66. Rxf4 gxf4 67. Nbd3 Rf5 68. Ke2 Rxh5 69. Kf3 Rxh2 70. Kxf4 Rh1 71.
Ke5 Kg7 72. Nxc5 Rxc1 73. Kxd4 Kf6 74. b4 Rd1+ 75. Nd3 Ke6 76. c5 Kd7 77. Kc4
Kc7 78. b5 Rh1 79. b6+ Kb7 80. Kb5 Rb1+ 81. Nb4 Rb2 82. c6+ Ka8 83. Kc5 Rb1 84.
Na6 Rc1+ 85. Kb5 Rxc6 1/2-1/2

[Event "4NCL"]
[Site "De Vere, Staverton Park, ENG"]
[Date "2010.11.07"]
[Round "2.50"]
[White "Jones, Victor GL"]
[Black "Dickson, George"]
[Result "1-0"]
[WhiteElo "2116"]
[BlackElo "2104"]
[PlyCount "57"]
[EventDate "2010.??.??"]
[WhiteTeam "KJCA Kings"]
[BlackTeam "Metropolitan"]

1. d4 Nf6 2. Nf3 g6 3. g3 Bg7 4. Bg2 O-O 5. O-O d5 6. c4 c6 7. b3 h6 8. Nbd2
Be6 9. Bb2 Nbd7 10. Rc1 Rc8 11. Ne5 Nxe5 12. dxe5 Nd7 13. cxd5 cxd5 14. Rxc8
Qxc8 15. Nf3 Qb8 16. Qa1 Bg4 17. e6 Bxb2 18. exf7+ Kxf7 19. Qxb2 Bxf3 20. Bxf3
e6 21. e4 Qe5 22. Qd2 Kg7 23. Bg2 Nf6 24. exd5 exd5 25. Re1 Ne4 26. Qe3 Qb2 27.
Qxa7 Nxf2 28. Qxb7+ Kh8 29. Qe7 1-0

[Event "4NCL"]
[Site "De Vere, Staverton Park, ENG"]
[Date "2010.11.07"]
[Round "2.50"]
[White "Calvert, D Ian"]
[Black "Lunn, Matthew"]
[Result "1/2-1/2"]
[WhiteElo "1988"]
[BlackElo "1941"]
[PlyCount "38"]
[EventDate "2010.??.??"]
[WhiteTeam "Metropolitan"]
[BlackTeam "KJCA Kings"]

1. b3 e5 2. Bb2 Nc6 3. e3 d5 4. Bb5 Bd6 5. f4 Qh4+ 6. g3 Qe7 7. Nf3 f6 8. Nc3
Be6 9. O-O Nh6 10. fxe5 fxe5 11. e4 d4 12. Nd5 Qd7 13. c3 a6 14. Bxc6 bxc6 15.
Nb4 c5 16. Nd3 Nf7 17. cxd4 cxd4 18. Qc2 Bh3 19. Rf2 O-O 1/2-1/2

[Event "4NCL"]
[Site "De Vere, Staverton Park, ENG"]
[Date "2010.11.07"]
[Round "2.50"]
[White "Perez Carballo, Manuel"]
[Black "Savage, Nicholas W"]
[Result "0-1"]
[WhiteElo "2160"]
[BlackElo "2134"]
[PlyCount "74"]
[EventDate "2010.??.??"]
[WhiteTeam "Metropolitan"]
[BlackTeam "Iceni"]

1. e4 c5 2. Nf3 Nc6 3. Bb5 d6 4. d4 cxd4 5. Qxd4 Bd7 6. Bxc6 Bxc6 7. Nc3 Nf6 8.
Bg5 e6 9. O-O-O Be7 10. Kb1 O-O 11. Rhe1 h6 12. Bh4 e5 13. Qd3 g5 14. Bg3 a6
15. Nd2 b5 16. f3 Bd7 17. Nf1 b4 18. Nd5 Nxd5 19. Qxd5 Be6 20. Qd2 Qa5 21. b3
Rfc8 22. Ne3 Rc5 23. Re2 Rac8 24. Be1 Qb5 25. Bf2 Rc3 26. Qe1 a5 27. Nd5 Bxd5
28. Rxd5 Qa6 29. Qd1 a4 30. Be3 R8c6 31. Bc1 axb3 32. axb3 Rc8 33. Bb2 Ra8 34.
Rd3 Qa2+ 35. Kc1 Rac8 36. Bxc3 bxc3 37. Rxc3 Qa1+ 0-1

[Event "4NCL"]
[Site "De Vere, Staverton Park, ENG"]
[Date "2010.11.07"]
[Round "2.50"]
[White "Feavyour, John A"]
[Black "Vachtfeidl, Petr"]
[Result "1-0"]
[WhiteElo "2064"]
[BlackElo "2038"]
[PlyCount "67"]
[EventDate "2010.??.??"]
[WhiteTeam "Iceni"]
[BlackTeam "Metropolitan"]

1. d4 Nf6 2. c4 g6 3. Nc3 d5 4. Bf4 Bg7 5. e3 O-O 6. cxd5 Nxd5 7. Nxd5 Qxd5 8.
Bxc7 Na6 9. Bxa6 bxa6 10. Nf3 Qb7 11. Bg3 Qxb2 12. O-O Be6 13. Qd3 Qb5 14. Qa3
Rfc8 15. Qxe7 Rc2 16. a4 Qb2 17. Rab1 Qa2 18. Rb8+ Rxb8 19. Bxb8 Bf8 20. Qf6
Bg7 21. Qd8+ Bf8 22. Be5 f5 23. Qf6 Bc4 24. Qh8+ Kf7 25. Qxh7+ Ke8 26. Qxg6+
Kd8 27. Bf6+ Be7 28. Bxe7+ Kxe7 29. Qh7+ Ke8 30. Qg6+ Ke7 31. Qh7+ Ke8 32. Qh5+
Ke7 33. Re1 Rxf2 34. Qh4+ 1-0

[Event "4NCL"]
[Site "De Vere, Staverton Park, ENG"]
[Date "2010.11.07"]
[Round "2.50"]
[White "Cooke, Charlie"]
[Black "Donaghay, Richard H"]
[Result "0-1"]
[WhiteElo "1754"]
[BlackElo "1983"]
[PlyCount "60"]
[EventDate "2010.??.??"]
[WhiteTeam "Metropolitan"]
[BlackTeam "Iceni"]

1. d4 Nf6 2. c4 e5 3. d5 Bb4+ 4. Bd2 Bxd2+ 5. Qxd2 d6 6. Nc3 Bf5 7. Nf3 a5 8.
Nh4 Bg4 9. h3 Bd7 10. Nf3 Na6 11. e3 Nc5 12. Be2 b6 13. O-O O-O 14. Rfe1 Nfe4
15. Nxe4 Nxe4 16. Qc2 f5 17. Nd2 Ng5 18. Nf3 f4 19. e4 Nxe4 20. Nxe5 Nc5 21.
Nxd7 Nxd7 22. Bg4 Ne5 23. Be6+ Kh8 24. Bf5 Qg5 25. Be4 f3 26. g3 Qh5 27. Bd3
Qxh3 28. Bf1 Qh5 29. Re4 Ng4 30. Rxg4 Qxg4 0-1